The influence of microwave radiation on the thermal stability of aluminum nanopowder; Technical Physics Letters; Vol. 42, № 4

Xehetasun bibliografikoak
Parent link:Technical Physics Letters: Scientific Journal.— , 1975-
Vol. 42, № 4.— 2016.— [P. 344–346]
Erakunde egilea: Национальный исследовательский Томский политехнический университет Институт физики высоких технологий Кафедра общей химии и химической технологии
Beste egile batzuk: Mostovshchikov A. V. Andrey Vladimirovich, Ilyin A. P. Aleksandr Petrovich, Chumerin P. Yu. Pavel Yurievich, Yushkov Y. G. Yuri Georgievich, Vaulin V. A. Viktor Alekseevich, Alekseev B. A. Boris Aleksandrovich
Gaia:Title screen
The influence of microwave radiation with a power flux density of 80 W/cm2 and carrier frequency of 9.4 GHz on the thermal stability of aluminum nanopowder after irradiation in air is studied. It is established that, after irradiation, the chemical activity of aluminum nanopowder increases, the temperature for the beginning of its oxidation decreases by 40°, while the thermal effect of oxidation decreases by 13.5%.
Режим доступа: по договору с организацией-держателем ресурса
Hizkuntza:ingelesa
Argitaratua: 2016
Gaiak:
Sarrera elektronikoa:http://dx.doi.org/10.1134/S1063785016040118
Formatua: Baliabide elektronikoa Liburu kapitulua
KOHA link:https://koha.lib.tpu.ru/cgi-bin/koha/opac-detail.pl?biblionumber=649835

MARC

LEADER 00000naa0a2200000 4500
001 649835
005 20250307132031.0
035 |a (RuTPU)RU\TPU\network\15005 
035 |a RU\TPU\network\14573 
090 |a 649835 
100 |a 20160825d2016 k||y0rusy50 ba 
101 0 |a eng 
135 |a drcn ---uucaa 
181 0 |a i  
182 0 |a b 
200 1 |a The influence of microwave radiation on the thermal stability of aluminum nanopowder  |f A. V. Mostovshchikov [et al.] 
203 |a Text  |c electronic 
300 |a Title screen 
320 |a [References: p. 348 (8 tit.)] 
330 |a The influence of microwave radiation with a power flux density of 80 W/cm2 and carrier frequency of 9.4 GHz on the thermal stability of aluminum nanopowder after irradiation in air is studied. It is established that, after irradiation, the chemical activity of aluminum nanopowder increases, the temperature for the beginning of its oxidation decreases by 40°, while the thermal effect of oxidation decreases by 13.5%. 
333 |a Режим доступа: по договору с организацией-держателем ресурса 
461 |t Technical Physics Letters  |o Scientific Journal  |d 1975- 
463 |t Vol. 42, № 4  |v [P. 344–346]  |d 2016 
610 1 |a электронный ресурс 
610 1 |a труды учёных ТПУ 
610 1 |a термостабильность 
610 1 |a нанопорошок алюминия 
701 1 |a Mostovshchikov  |b A. V.  |c Chemist  |c Senior Researcher, Professor of Tomsk Polytechnic University, Doctor of Technical Sciences  |f 1989-  |g Andrey Vladimirovich  |3 (RuTPU)RU\TPU\pers\31091  |9 15320 
701 1 |a Ilyin  |b A. P.  |c chemist  |c Professor of Tomsk Polytechnic University, Doctor of physical and mathematical sciences  |f 1949-  |g Aleksandr Petrovich  |3 (RuTPU)RU\TPU\pers\33060  |9 16894 
701 1 |a Chumerin  |b P. Yu.  |c physicist  |c Senior researcher of Tomsk Polytechnic University, Doctor of physical and mathematical science  |f 1958-  |g Pavel Yurievich  |3 (RuTPU)RU\TPU\pers\32716  |9 16601 
701 1 |a Yushkov  |b Y. G.  |c electrophysicist  |c Professor of Tomsk Polytechnic University, Doctor of technical sciences  |f 1937-  |g Yuri Georgievich  |3 (RuTPU)RU\TPU\pers\25936  |9 11786 
701 1 |a Vaulin  |b V. A.  |c radiophysicist  |c Leading engineer of Tomsk Polytechnic University  |f 1960-  |g Viktor Alekseevich  |3 (RuTPU)RU\TPU\pers\37136  |9 20129 
701 1 |a Alekseev  |b B. A.  |g Boris Aleksandrovich 
712 0 2 |a Национальный исследовательский Томский политехнический университет  |b Институт физики высоких технологий  |b Кафедра общей химии и химической технологии  |3 (RuTPU)RU\TPU\col\21253  |9 27944 
801 2 |a RU  |b 63413507  |c 20170414  |g RCR 
856 4 |u http://dx.doi.org/10.1134/S1063785016040118 
942 |c CF